000
00304nam a22001457a 4500
008
211019b ||||| |||| 00| 0 eng d
020
_a
0256018243
041
_a
eng
080
_a
330
082
_a
330
100
_a
54
101
_a
EKO
245
_a
Labor Economics
_c
Cartter,A.M
942
_2
udc
_c
BK
999
_c
58273
_d
58273